Tác động của yếu tố kinh tế đến việc bảo tồn và phát huy giá trị Mộc bản chùa Vĩnh Nghiêm /
Bewaard in:
| Hoofdauteur: | |
|---|---|
| Andere auteurs: | |
| Formaat: | Artikel |
| Taal: | Vietnamese |
| Onderwerpen: | |
| Tags: |
Voeg label toe
Geen labels, Wees de eerste die dit record labelt!
|
| Thư viện lưu trữ: | Thư viện Trường Đại học Đà Lạt |
|---|
| LEADER | 00919nam a2200289 4500 | ||
|---|---|---|---|
| 001 | DLU180184061 | ||
| 005 | ##20180321 | ||
| 040 | # | # | |a DLU |b vie |
| 041 | # | # | |a vie |
| 044 | # | # | |a vn |
| 100 | # | # | |a Lý Viết Trường. |
| 245 | # | # | |a Tác động của yếu tố kinh tế đến việc bảo tồn và phát huy giá trị Mộc bản chùa Vĩnh Nghiêm / |c Lý Viết Trường, Trịnh Văn Định. |
| 653 | # | # | |a Bảo tồn |
| 653 | # | # | |a Chùa Vĩnh Nghiêm |
| 653 | # | # | |a Giá trị |
| 653 | # | # | |a Mộc bản |
| 700 | # | # | |a Trịnh Đình Dũng |
| 773 | # | # | |t Tạp chí Văn hoá nghệ thuật |g Số 390, 2016, tr. 18-20 |
| 920 | # | # | |a Phòng Tạp chí -- Trung tâm Thông tin - Thư viện Trường Đại học Đà Lạt |
| 994 | # | # | |a DLU |
| 900 | # | # | |a True |
| 911 | # | # | |a Trần Thị Minh Hương |
| 925 | # | # | |a G |
| 926 | # | # | |a A |
| 927 | # | # | |a BB |
| 980 | # | # | |a Thư viện Trường Đại học Đà Lạt |